000 01974cam a22002538i 4500
999 _c14331
_d14331
003 OSt
005 20260218172007.0
006 m |o d |
008 220601s2022 nju ob 001 0 eng
020 _z9781119826798
_q(hardback)
042 _apcc
082 0 0 _a729
_223/eng/20220715
100 1 _aIano, Joseph,
_eauthor.
245 1 4 _aThe architect's studio companion :
_brules of thumb for preliminary design /
_cJoseph Iano and Edward Allen.
250 _aSeventh edition.
263 _a2209
300 _a1 online resource
504 _aIncludes bibliographical references and index.
520 _a"The Architect's Studio Companion is a robust, user-friendly resource that keeps important information at your fingertips throughout the design process. It includes guidelines for the design of structure, environmental systems, parking, accessibility, and more. This new seventh edition has been fully updated with the latest model building codes for the U.S. and Canada. New material in this edition includes comparisons to show the embodied carbon impacts of structural system choices which is highly relevant to new design practices. The guiding principle for The Architect's Studio Companion is the presentation of simplified design guidelines for building technical systems, particularly in certain systems that have a significant influence on the form and organization of the building. Using this book, designers can incorporate the impacts of these systems while working in the fluid manner inherent to the earliest stages of building design. More than just a reference, this book is a true companion that no practicing architect or student should be without"--
650 0 _aArchitectural design
_vHandbooks, manuals, etc.
700 1 _aAllen, Edward,
_d1938-
_eauthor.
776 0 8 _iPrint version:
_aIano, Joseph.
_tArchitect's studio companion
_bSeventh edition.
_dHoboken, New Jersey : Wiley, [2022]
_z9781119826798
_w(DLC) 2022025586
942 _2ddc